Definition of prime cost of daywork carried out under a heating, ventilation, air conditioning, refrigeration, pipework and/or domestic engineering contract (Record no. 113655)

MARC details
000 -LEADER
fixed length control field 00846cam a22002295a 4500
001 - CONTROL NUMBER
control field L155550
008 - FIXED-LENGTH DATA ELEMENTS--GENERAL INFORMATION
fixed length control field 120329s2012 xxk f 000 0 eng d
020 ## - INTERNATIONAL STANDARD BOOK NUMBER
International Standard Book Number 9781907196287
035 ## - SYSTEM CONTROL NUMBER
System control number (Sirsi) u155550
041 0# - LANGUAGE CODE
Language code of text/sound track or separate title eng
050 04 - LIBRARY OF CONGRESS CALL NUMBER
Classification number 692.8
110 2# - MAIN ENTRY--CORPORATE NAME
Corporate name or jurisdiction name as entry element Royal Institution of Chartered Surveyors
9 (RLIN) 4900
245 00 - TITLE STATEMENT
Title Definition of prime cost of daywork carried out under a heating, ventilation, air conditioning, refrigeration, pipework and/or domestic engineering contract
250 ## - EDITION STATEMENT
Edition statement 3rd ed.
260 ## - PUBLICATION, DISTRIBUTION, ETC.
Place of publication, distribution, etc. BCIS
Name of publisher, distributor, etc. London
Date of publication, distribution, etc. 2012
490 #0 - SERIES STATEMENT
Series statement RICS Guidance Note
520 ## - SUMMARY, ETC.
Summary, etc. Provides a basis for the valuation of daywork executed under heating, ventilating, air conditioning, refrigeration, pipework and/or domestic engineering contracts.
590 ## - LOCAL NOTE (RLIN)
Local note KA
651 #4 - SUBJECT ADDED ENTRY--GEOGRAPHIC NAME
Geographic name United Kingdom
Chronological subdivision
690 ## - LOCAL SUBJECT ADDED ENTRY--TOPICAL TERM (OCLC, RLIN)
Topical term or geographic name as entry element Valuation
9 (RLIN) 6273
942 ## - ADDED ENTRY ELEMENTS (KOHA)
Suppress in OPAC 0
Holdings
Withdrawn status Lost status Source of classification or shelving scheme Damaged status Not for loan Home library Current library Shelving location Date acquired Total Checkouts Full call number Barcode Date last seen Copy number Price effective from Koha item type Public note
    Dewey Decimal Classification     London London RICS Boxes 29/03/2012   RICS 2012/18 30077335 06/08/2019 1 06/08/2019 Book  
    Dewey Decimal Classification     London London RICS Boxes 29/03/2012   RICS 2012/18 30077331 06/08/2019 2 06/08/2019 Book  
    Dewey Decimal Classification     London London RICS Boxes 04/12/2012   RICS 2012/18 30077323 06/08/2019 4 06/08/2019 Archive  
          Virtual Virtual Online 17/01/2024   SCAN   17/01/2024   17/01/2024 News article Please contact [email protected] to request a digital copy